[Event "DVM U14w 2018"]
[Site "Neumünster GER"]
[Date "2018.12.27"]
[Round "1"]
[White "Tychyna, Margarita"]
[Black "Nguyen, Jenny Ha-Linh"]
[Result "0-1"]
[Termination "normal"]
[Board "3.3"]
[WhiteElo "804"]
[BlackElo "1238"]
[WhiteClock "01:03:44"]
[BlackClock "01:21:10"]
[WhiteTeam "SK Bad Homburg"]
[BlackTeam "SG Leipzig"]
[PlyCount "110"]
[WhiteFideId "16275349"]
[BlackFideId "16209729"]
[EventCountry "GER"]
[EventRounds "7"]
[EventType "team-swiss"]
[EventDate "2018.12.26"]

1. e4 {[%emt 0:00:01]} e6 {[%emt 0:00:07]} 2. d4 {[%emt 0:00:06]} d5 {[%emt 0:
00:07]} 3. Nc3 {[%emt 0:00:10]} Nf6 {[%emt 0:00:07]} 4. exd5 {[%emt 0:00:15]}
exd5 {[%emt 0:00:11]} 5. Nf3 {[%emt 0:00:16]} Bd6 {[%emt 0:00:32]} 6. Bg5 {
[%emt 0:00:29]} c6 {[%emt 0:00:13]} 7. Bd3 {[%emt 0:00:42]} O-O {[%emt 0:00:18]
} 8. O-O {[%emt 0:00:32]} Bg4 {[%emt 0:00:34]} 9. h3 {[%emt 0:00:47]} Bh5 {
[%emt 0:00:08]} 10. Qe2 {[%emt 0:01:23]} Re8 {[%emt 0:00:29]} 11. Bxf6 { [%emt
0:03:26]} gxf6 {[%emt 0:01:53]} 12. Qd1 {[%emt 0:01:33]} Nd7 {[%emt 0:01: 22]}
13. Be2 {[%emt 0:01:08]} Kh8 {[%emt 0:04:53]} 14. Qd2 {[%emt 0:01:26]} Rg8
{[%emt 0:02:05]} 15. Qh6 {[%emt 0:01:18]} Bg6 {[%emt 0:00:49]} 16. Bd3 { [%emt
0:06:29]} Bxd3 {[%emt 0:01:22]} 17. cxd3 {[%emt 0:00:29]} Rg6 {[%emt 0: 02:10]}
18. Qh5 {[%emt 0:00:47]} Qg8 {[%emt 0:01:16]} 19. Nh4 {[%emt 0:02:34]} Rg5
{[%emt 0:03:21]} 20. Qh6 {[%emt 0:02:10]} Bf8 {[%emt 0:00:39]} 21. Ng6+ { [%emt
0:03:31]} Rxg6 {[%emt 0:01:56]} 22. Qh4 {[%emt 0:02:01]} Rxg2+ {[%emt 0:
00:22]} 23. Kh1 {[%emt 0:00:33]} Bd6 {[%emt 0:01:32]} 24. f4 {[%emt 0:01:50]}
Qg3 {[%emt 0:03:42]} 25. Qxg3 {[%emt 0:01:18]} Rxg3 {[%emt 0:00:06]} 26. Rf2 {
[%emt 0:02:04]} Rxh3+ {[%emt 0:00:41]} 27. Rh2 {[%emt 0:00:49]} Rxh2+ {[%emt 0:
00:14]} 28. Kxh2 {[%emt 0:00:16]} Bxf4+ {[%emt 0:00:05]} 29. Kh3 {[%emt 0:00:
46]} Rg8 {[%emt 0:00:21]} 30. Ne2 {[%emt 0:00:53]} Bg5 {[%emt 0:00:14]} 31. Re1
{[%emt 0:02:19]} Re8 {[%emt 0:00:21]} 32. Kg3 {[%emt 0:01:32]} Re3+ {[%emt 0:
00:14]} 33. Kf2 {[%emt 0:00:49]} Rxd3 {[%emt 0:00:16]} 34. Ng3 {[%emt 0:01:25]}
Bh4 {[%emt 0:00:54]} 35. Rg1 {[%emt 0:00:32]} Bxg3+ {[%emt 0:00:09]} 36. Rxg3 {
[%emt 0:00:16]} Rxg3 {[%emt 0:00:04]} 37. Kxg3 {[%emt 0:00:09]} Kg7 {[%emt 0:
00:03]} 38. Kf4 {[%emt 0:01:50]} Kg6 {[%emt 0:00:17]} 39. Kg4 {[%emt 0:00:32]}
f5+ {[%emt 0:00:10]} 40. Kf4 {[%emt 0:00:19]} h5 {[%emt 0:00:07]} 41. Kf3 {
[%emt 0:01:07]} Kg5 {[%emt 0:00:08]} 42. Kg2 {[%emt 0:00:14]} Kg4 {[%emt 0:00:
05]} 43. Kh2 {[%emt 0:00:11]} h4 {[%emt 0:00:04]} 44. Kg2 {[%emt 0:00:19]} f4 {
[%emt 0:00:14]} 45. Kf2 {[%emt 0:00:20]} h3 {[%emt 0:00:21]} 46. Kg1 {[%emt 0:
00:33]} Kg3 {[%emt 0:00:27]} 47. Kh1 {[%emt 0:00:18]} Kf2 {[%emt 0:00:11]} 48.
Kh2 {[%emt 0:00:15]} Ke2 {[%emt 0:00:05]} 49. Kxh3 {[%emt 0:00:10]} f3 { [%emt
0:00:03]} 50. Kg3 {[%emt 0:00:16]} f2 {[%emt 0:00:04]} 51. Kg2 {[%emt 0:
00:07]} f1=Q+ {[%emt 0:00:08]} 52. Kg3 {[%emt 0:00:08]} Qf5 {[%emt 0:00:09]}
53. Kg2 {[%emt 0:00:07]} Qg4+ {[%emt 0:00:05]} 54. Kh2 {[%emt 0:00:07]} Kf2 {
[%emt 0:00:04]} 55. Kh1 {[%emt 0:00:06]} Qh3# {[%emt 0:00:03]} 0-1

[Event "DVM U14w 2018"]
[Site "Neumünster GER"]
[Date "2018.12.27"]
[Round "1"]
[White "Basovskiy, Jana"]
[Black "Gehrke, Gina Celina"]
[Result "1-0"]
[Termination "normal"]
[Board "4.1"]
[WhiteElo "1768"]
[BlackElo "1366"]
[WhiteTeam "SF Sasbach"]
[BlackTeam "SC Weisse Dame"]
[PlyCount "65"]
[WhiteFideId "16208617"]
[BlackFideId "16205979"]
[EventCountry "GER"]
[EventRounds "7"]
[EventType "team-swiss"]
[EventDate "2018.12.26"]

1. e4 c5 2. Nf3 g6 3. d4 cxd4 4. Nxd4 Bg7 5. Be3 Nc6 6. Nc3 Nf6 7. Bc4 O-O 8.
Bb3 a6 9. O-O d6 10. h3 Nxd4 11. Bxd4 Be6 12. Re1 Nd7 13. Bxg7 Kxg7 14. Qd4+
Kg8 15. Rad1 Qb6 16. Qxb6 Nxb6 17. e5 Bxb3 18. cxb3 Rad8 19. exd6 exd6 20. Re7
Nc8 21. Rxb7 Rfe8 22. Kf1 Re5 23. Rb8 Kg7 24. Rd5 h6 25. Rxe5 dxe5 26. Ke2 f5
27. Na4 Rf8 28. Nc5 Re8 29. Nxa6 Nd6 30. Rxe8 Nxe8 31. Nc5 Nf6 32. a4 Ne8 33.
b4 1-0

[Event "DVM U14w 2018"]
[Site "Neumünster GER"]
[Date "2018.12.27"]
[Round "1"]
[White "Gutmann, Anna"]
[Black "Schneider, Katharina"]
[Result "1-0"]
[Termination "normal"]
[Board "4.2"]
[WhiteElo "1499"]
[BlackElo "1731"]
[WhiteTeam "SC Weisse Dame"]
[BlackTeam "SF Sasbach"]
[PlyCount "101"]
[WhiteFideId "16208889"]
[BlackFideId "16200519"]
[EventCountry "GER"]
[EventRounds "7"]
[EventType "team-swiss"]
[EventDate "2018.12.26"]

1. e4 e5 2. Nf3 Nc6 3. d4 exd4 4. Nxd4 Nf6 5. Nxc6 bxc6 6. e5 Qe7 7. Qe2 Nd5 8.
Nd2 Nb4 9. Nf3 d5 10. c3 Ba6 11. Qd1 Bxf1 12. Kxf1 Na6 13. Bg5 Qc5 14. Nd4 h6
15. Be3 Qc4+ 16. Kg1 c5 17. Nf3 c6 18. h3 Be7 19. Kh2 O-O 20. Re1 Nc7 21. Qd2
Ne6 22. b3 Qb5 23. Rad1 Rad8 24. Qc2 Qb8 25. Qf5 a5 26. Qg4 Kh8 27. Nh4 Bg5 28.
Bxg5 Nxg5 29. Nf5 Qc8 30. f4 Ne6 31. Qh4 Kh7 32. Re3 Nc7 33. Qh5 Qe6 34. Rg3
Rg8 35. Nd6 g6 36. Qf3 Rgf8 37. Nb7 Na6 38. Nxa5 f6 39. Qe3 f5 40. Nb7 Rb8 41.
Nxc5 Nxc5 42. Qxc5 Ra8 43. a4 Rfb8 44. c4 dxc4 45. Rd6 Qf7 46. e6 Qe8 47. Rd7+
Kg8 48. Qe5 Qxd7 49. exd7 cxb3 50. Rxg6+ Kf8 51. Qf6# 1-0

[Event "DVM U14w 2018"]
[Site "Neumünster GER"]
[Date "2018.12.27"]
[Round "1"]
[White "Schneider, Anna"]
[Black "Fayngold, Sophie Olivia"]
[Result "1-0"]
[Termination "normal"]
[Board "4.3"]
[WhiteElo "1475"]
[BlackElo "1378"]
[WhiteTeam "SF Sasbach"]
[BlackTeam "SC Weisse Dame"]
[PlyCount "117"]
[WhiteFideId "16200527"]
[BlackFideId "16244761"]
[EventCountry "GER"]
[EventRounds "7"]
[EventType "team-swiss"]
[EventDate "2018.12.26"]

1. e4 e5 2. Nf3 Nc6 3. d4 exd4 4. Bc4 Nf6 5. e5 d5 6. Bb5 Ne4 7. Nxd4 Bc5 8.
O-O Qh4 9. Be3 O-O 10. c3 Nxe5 11. Nd2 Ng4 12. N2f3 Qh5 13. Qe2 Bxd4 14. Bxd4
Ng5 15. h4 Nxf3+ 16. Qxf3 Qxh4 17. Qf4 c6 18. Be2 Re8 19. Bxg4 Bxg4 20. f3 Re2
21. fxg4 f6 22. b3 Re4 23. Bf2 Rxf4 24. Bxh4 Rxg4 25. Bf2 b6 26. Rfe1 Kf7 27.
Re3 c5 28. Rae1 a6 29. Re7+ Kg6 30. Rb7 c4 31. b4 b5 32. Ree7 Kh6 33. Be3+ g5
34. Rxh7+ Kg6 35. Rhd7 Rg3 36. Kf2 Rg4 37. Rxd5 a5 38. Kf3 Rh4 39. bxa5 Rxa5
40. Rbxb5 Rxa2 41. Rb6 Rh5 42. Rdd6 g4+ 43. Kg3 Rf5 44. Bd4 Rd2 45. Rxf6+ Rxf6
46. Rxf6+ Kg5 47. Be3+ Kxf6 48. Bxd2 Kf5 49. Kh4 Ke4 50. Kxg4 Kd5 51. Kf5 Kd6
52. g4 Kd7 53. g5 Ke8 54. g6 Kf8 55. g7+ Kg8 56. Ke4 Kf7 57. Kd4 Kf6 58. g8=Q
Kf5 59. Qd5+ 1-0

[Event "DVM U14w 2018"]
[Site "Neumünster GER"]
[Date "2018.12.27"]
[Round "1"]
[White "Liu, Shandy"]
[Black "Eisele, Lea Carolin"]
[Result "1-0"]
[Termination "normal"]
[Board "4.4"]
[WhiteElo "790"]
[BlackElo "930"]
[WhiteTeam "SC Weisse Dame"]
[BlackTeam "SF Sasbach"]
[PlyCount "69"]
[WhiteFideId "16275357"]
[BlackFideId "16255780"]
[EventCountry "GER"]
[EventRounds "7"]
[EventType "team-swiss"]
[EventDate "2018.12.26"]

1. e4 e5 2. Nf3 Nc6 3. Bc4 Bc5 4. d3 d6 5. Nc3 Nf6 6. Bg5 Bg4 7. h3 Bd7 8. Qd2
h6 9. Bh4 g5 10. Bg3 Qe7 11. Nb5 O-O-O 12. d4 exd4 13. Nbxd4 Qxe4+ 14. Be2 Bxd4
15. O-O-O Qd5 16. Nxd4 Qxa2 17. Nb3 Be6 18. Qc3 Ne4 19. Qe3 Na5 20. Qxe4 Bxb3
21. cxb3 Nxb3+ 22. Kc2 Rhe8 23. Qf5+ Rd7 24. Bb5 Nc5 25. Bxd7+ Nxd7 26. Rhe1
Qc4+ 27. Kb1 Rxe1 28. Rxe1 c6 29. Bxd6 b5 30. Re7 Qf1+ 31. Kc2 Qc4+ 32. Kb1
Qf1+ 33. Ka2 Qc4+ 34. b3 Qd4 35. Qxd7# 1-0

[Event "DVM U14w 2018"]
[Site "Neumünster GER"]
[Date "2018.12.27"]
[Round "1"]
[White "Neumann, Konstantina"]
[Black "Brunner, Sophia"]
[Result "0-1"]
[Termination "normal"]
[Board "5.1"]
[WhiteElo "1498"]
[BlackElo "1755"]
[WhiteTeam "Gütersloher SV"]
[BlackTeam "SC Papenburg"]
[PlyCount "120"]
[WhiteFideId "16200543"]
[BlackFideId "12960683"]
[EventCountry "GER"]
[EventRounds "7"]
[EventType "team-swiss"]
[EventDate "2018.12.26"]

1. e4 e6 2. d4 d5 3. exd5 exd5 4. Nf3 Bd6 5. Bd3 Nc6 6. Nc3 Nge7 7. O-O Bg4 8.
Be2 Qd7 9. Nb5 O-O 10. Nxd6 Qxd6 11. h3 Bh5 12. c3 Rae8 13. Bd2 Kh8 14. Re1 Ng8
15. Qc1 Bxf3 16. Bxf3 Rxe1+ 17. Qxe1 Nf6 18. Qc1 Re8 19. Bf4 Qd7 20. Qd2 Ne4
21. Bg4 f5 22. Qd1 fxg4 23. Qxg4 Qxg4 24. hxg4 Re7 25. Re1 Nf6 26. Rxe7 Nxe7
27. f3 c6 28. Bb8 a6 29. Bd6 Nc8 30. Bc7 Kg8 31. Kf2 Kf7 32. Ke3 Ke6 33. g3 Nd6
34. b3 Nd7 35. a4 Ne8 36. Ba5 c5 37. Bd8 Kd6 38. f4 Nef6 39. g5 Ne4 40. c4 Nxg3
41. dxc5+ Nxc5 42. b4 Nxa4 43. cxd5 Kxd5 44. Bc7 Nf5+ 45. Kd3 Nb2+ 46. Kc3 Nc4
47. Kd3 Ncd6 48. Bb6 h5 49. Bg1 h4 50. Bh2 Ne4 51. Bg1 h3 52. Ke2 Kc4 53. Kf3
Nd2+ 54. Kg4 g6 55. Kxh3 Kxb4 56. Kg2 a5 57. Bb6 a4 58. Bd8 a3 59. Bf6 a2 60.
Kf2 Ne4+ 0-1

[Event "DVM U14w 2018"]
[Site "Neumünster GER"]
[Date "2018.12.27"]
[Round "1"]
[White "Roncea, Andreea-Alexandra"]
[Black "Klahold, Rona"]
[Result "1-0"]
[Termination "normal"]
[Board "5.2"]
[WhiteElo "1511"]
[BlackElo "1355"]
[WhiteTeam "SC Papenburg"]
[BlackTeam "Gütersloher SV"]
[PlyCount "71"]
[WhiteFideId "16233115"]
[BlackFideId "16222970"]
[EventCountry "GER"]
[EventRounds "7"]
[EventType "team-swiss"]
[EventDate "2018.12.26"]

1. e4 e5 2. Nf3 Nc6 3. Bc4 Bc5 4. d3 d6 5. c3 h6 6. Bb3 Nf6 7. O-O O-O 8. Nbd2
Re8 9. h3 d5 10. exd5 Nxd5 11. Ne4 Bb6 12. Bxd5 Qxd5 13. c4 Qe6 14. c5 Ba5 15.
a3 Rd8 16. b4 Bxb4 17. axb4 Nxb4 18. Bb2 Nxd3 19. Nxe5 Qe7 20. Nxd3 Qxe4 21.
Re1 Qxd3 22. Re8+ Rxe8 23. Qxd3 Be6 24. Qg3 g6 25. Qe5 Kf8 26. Qg7+ Ke7 27. Rd1
Rg8 28. Qxh6 a5 29. Qg5+ Ke8 30. c6 b5 31. Bf6 b4 32. Rd8+ Rxd8 33. Bxd8 Kf8
34. Bxc7 a4 35. Be5 a3 36. Qd8# 1-0

[Event "DVM U14w 2018"]
[Site "Neumünster GER"]
[Date "2018.12.27"]
[Round "1"]
[White "Engels, Marlene"]
[Black "Evering, Enna"]
[Result "0-1"]
[Termination "normal"]
[Board "5.3"]
[WhiteElo "1121"]
[BlackElo "1388"]
[WhiteTeam "Gütersloher SV"]
[BlackTeam "SC Papenburg"]
[PlyCount "75"]
[WhiteFideId "16222962"]
[BlackFideId "16218213"]
[EventCountry "GER"]
[EventRounds "7"]
[EventType "team-swiss"]
[EventDate "2018.12.26"]

1. e4 e5 2. Nf3 Nc6 3. Bc4 Nf6 4. Nc3 Nxe4 5. Nxe4 d5 6. Bxd5 Qxd5 7. Nc3 Qd8
8. d3 Bb4 9. Bd2 O-O 10. O-O Bg4 11. Be3 Ne7 12. a3 Bxc3 13. bxc3 Nf5 14. Qe2
Nh4 15. Kh1 Nxf3 16. gxf3 Qd5 17. Kg2 Bf5 18. c4 Qe6 19. Kh1 Rad8 20. Rg1 Bh3
21. Rg3 Rd6 22. Rag1 g6 23. Bc5 Bf5 24. Bxd6 cxd6 25. Qd2 d5 26. cxd5 Qxd5 27.
Qc3 Rc8 28. Qd2 e4 29. fxe4 Bxe4+ 30. R3g2 Bxg2+ 31. Rxg2 Qc5 32. a4 Qxc2 33.
Qxc2 Rxc2 34. Rg4 Rb2 35. Rd4 Rb3 36. Rd8+ Kg7 37. Rd4 Ra3 38. Rb4 0-1

[Event "DVM U14w 2018"]
[Site "Neumünster GER"]
[Date "2018.12.27"]
[Round "1"]
[White "Rosenboom, Anna Marie"]
[Black "Neumann, Helena"]
[Result "1-0"]
[Termination "normal"]
[Board "5.4"]
[WhiteElo "778"]
[BlackElo "999"]
[WhiteTeam "SC Papenburg"]
[BlackTeam "Gütersloher SV"]
[PlyCount "71"]
[WhiteFideId "16275306"]
[BlackFideId "16275365"]
[EventCountry "GER"]
[EventRounds "7"]
[EventType "team-swiss"]
[EventDate "2018.12.26"]

1. e4 g6 2. d4 Bg7 3. Nf3 d6 4. Nc3 Nf6 5. h3 O-O 6. Bc4 Nbd7 7. Bg5 a6 8. O-O
b5 9. Be2 c5 10. dxc5 Nxc5 11. e5 dxe5 12. Qxd8 Rxd8 13. Nxe5 Nfe4 14. Bxe7 Re8
15. Bxc5 Nxc5 16. f4 g5 17. Bh5 gxf4 18. Bxf7+ Kf8 19. Bxe8 Kxe8 20. Nd3 Bd4+
21. Kh1 Ne6 22. Nxf4 Ng5 23. h4 Nf7 24. Ncd5 Bxb2 25. Nc7+ Kf8 26. Nxa8 Bxa1
27. Rxa1 Bb7 28. Nc7 Be4 29. Nxa6 Bxc2 30. Rc1 Bd3 31. Nxd3 h5 32. Nc7 Kg7 33.
Nxb5 Kf6 34. a4 Nd8 35. a5 Nb7 36. a6 1-0

[Event "DVM U14w 2018"]
[Site "Neumünster GER"]
[Date "2018.12.27"]
[Round "1"]
[White "Bardorz, Jana"]
[Black "Falke, Ornella"]
[Result "0-1"]
[Termination "normal"]
[Board "6.1"]
[WhiteElo "1722"]
[BlackElo "1509"]
[WhiteTeam "Karlsruher SF"]
[BlackTeam "Elmshorner SC"]
[PlyCount "56"]
[WhiteFideId "16208897"]
[BlackFideId "16207092"]
[EventCountry "GER"]
[EventRounds "7"]
[EventType "team-swiss"]
[EventDate "2018.12.26"]

1. e4 c5 2. Nf3 e6 3. d4 cxd4 4. Nxd4 a6 5. Nc3 Bb4 6. Bd2 Qc7 7. a3 Ba5 8. Qg4
g6 9. Nb3 Bb6 10. Bd3 Nc6 11. f4 Nge7 12. O-O-O d6 13. Rhf1 Bd7 14. Qf3 Nd4 15.
Nxd4 Bxd4 16. f5 O-O-O 17. Ne2 Be5 18. g4 Bxh2 19. Be3 Be5 20. Qf2 Rde8 21. Bb6
Qc6 22. Qe3 exf5 23. exf5 Nd5 24. Qf3 Nxb6 25. Be4 Bxb2+ 26. Kxb2 Qxe4 27. Qxe4
Rxe4 28. Nc3 Rxg4 0-1

[Event "DVM U14w 2018"]
[Site "Neumünster GER"]
[Date "2018.12.27"]
[Round "1"]
[White "Bräutigam, Katerina"]
[Black "Schulz, Hannah"]
[Result "1/2-1/2"]
[Termination "normal"]
[Board "6.2"]
[WhiteElo "1546"]
[BlackElo "1518"]
[WhiteTeam "Elmshorner SC"]
[BlackTeam "Karlsruher SF"]
[PlyCount "116"]
[WhiteFideId "16242980"]
[BlackFideId "16244745"]
[EventCountry "GER"]
[EventRounds "7"]
[EventType "team-swiss"]
[EventDate "2018.12.26"]

1. c4 c5 2. g3 Nc6 3. Bg2 g6 4. Nc3 Bg7 5. b3 e5 6. Bb2 Nge7 7. a3 O-O 8. e3 f5
9. Nge2 Kh8 10. h4 Ng8 11. Qc2 Nf6 12. Nd5 e4 13. d3 Nxd5 14. Bxg7+ Kxg7 15.
cxd5 Qf6 16. O-O exd3 17. Qxd3 Ne5 18. Qc3 d6 19. Rac1 Kg8 20. Rfd1 b6 21. Nf4
Qf7 22. Ne6 Re8 23. Ng5 Qe7 24. Re1 h6 25. Nf3 Nxf3+ 26. Bxf3 Bb7 27. Qd2 Qf7
28. Kh2 Rad8 29. Bg2 b5 30. Rc2 a6 31. Re2 Re5 32. e4 fxe4 33. Bxe4 h5 34. Qd3
Kg7 35. Red2 Rde8 36. Qe3 Kh7 37. Qf3 Qg8 38. Re2 Bc8 39. Qg2 Bf5 40. f3 Qf7
41. Bxf5 Qxf5 42. f4 Re4 43. Rcd2 Kg7 44. Rf2 Re3 45. Rb2 Rd3 46. Rfe2 Rxe2 47.
Qxe2 Qxd5 48. Qe8 Kf6 49. Qf8+ Qf7 50. Qh8+ Kf5 51. Qc8+ Qe6 52. Qxa6 Qd7 53.
Qa8 Kg4 54. Qg2 Qe7 55. Qh3+ Kf3 56. Qg2+ Kg4 57. Qh3+ Kf3 58. Qg2+ Kg4 1/2-1/2

[Event "DVM U14w 2018"]
[Site "Neumünster GER"]
[Date "2018.12.27"]
[Round "1"]
[White "Chung, Dana"]
[Black "Margaryan, Susanna"]
[Result "0-1"]
[Termination "normal"]
[Board "6.3"]
[WhiteElo "1315"]
[BlackElo "960"]
[WhiteTeam "Karlsruher SF"]
[BlackTeam "Elmshorner SC"]
[PlyCount "58"]
[WhiteFideId "16235290"]
[BlackFideId "16268210"]
[EventCountry "GER"]
[EventRounds "7"]
[EventType "team-swiss"]
[EventDate "2018.12.26"]

1. Nf3 d5 2. d4 Nf6 3. c4 Bg4 4. Nc3 e6 5. Bf4 Bd6 6. Bxd6 Qxd6 7. e3 O-O 8.
cxd5 Nxd5 9. Nxd5 Qxd5 10. Be2 Nc6 11. O-O Rfe8 12. Qc2 Rac8 13. Rab1 Bf5 14.
Bd3 Bxd3 15. Qxd3 e5 16. Rfd1 e4 17. Qb3 Qxb3 18. axb3 exf3 19. gxf3 a6 20.
Rbc1 Nb4 21. d5 Kf8 22. Rd4 c5 23. dxc6 Nxc6 24. Rd7 Ne5 25. Rdc7 Rxc7 26. Rxc7
Rb8 27. Kg2 Ke8 28. Rc5 Nd3 29. Rc2 Ne1+ 0-1

[Event "DVM U14w 2018"]
[Site "Neumünster GER"]
[Date "2018.12.27"]
[Round "1"]
[White "Ahrens, Merle"]
[Black "Shevchenko, Alyona"]
[Result "0-1"]
[Termination "normal"]
[Board "6.4"]
[WhiteElo "1105"]
[BlackElo "1300"]
[WhiteTeam "Elmshorner SC"]
[BlackTeam "Karlsruher SF"]
[PlyCount "150"]
[WhiteFideId "16266200"]
[BlackFideId "12983420"]
[EventCountry "GER"]
[EventRounds "7"]
[EventType "team-swiss"]
[EventDate "2018.12.26"]

1. d4 c6 2. e4 d5 3. e5 Bf5 4. Nf3 e6 5. Ng1 Nd7 6. Bd3 Bxd3 7. Qxd3 Ne7 8. Bg5
h6 9. Bh4 Qb6 10. b3 Nf5 11. c3 Nxh4 12. Qh3 Qd8 13. Ne2 Qg5 14. g3 Nf3+ 15.
Kd1 Qd8 16. Qg4 Ng5 17. h4 Nh7 18. f4 Qe7 19. b4 O-O-O 20. a4 f6 21. Qf3 Qf7
22. Rf1 Nb6 23. Nd2 Qe7 24. Kc2 g5 25. Qg4 gxh4 26. exf6 Qxf6 27. gxh4 Be7 28.
h5 Rhf8 29. Qg6 Qf5+ 30. Kd1 Rf6 31. Qg7 Re8 32. Ng3 Qd3 33. Rf3 Bf8 34. Qxf6
Qxf3+ 35. Nxf3 Nxf6 36. Ne5 Bd6 37. Kd2 Rg8 38. Ne2 Rg2 39. a5 Nbd7 40. Rh1
Ne4+ 41. Ke3 Rxe2+ 42. Kxe2 Ng3+ 43. Kf2 Nxh1+ 44. Kg2 Nf6 45. Kxh1 Nxh5 46.
Kg2 Nxf4+ 47. Kf3 Bxe5 48. dxe5 Nd3 49. Kg4 Nxe5+ 50. Kh5 Nf7 51. Kg6 Nd6 52.
Kxh6 Ne4 53. Kg6 Nxc3 54. Kg5 Na2 55. Kf4 Nxb4 56. Ke5 Kd7 57. Kd4 Kd6 58. Kc3
c5 59. Kb3 Nc6 60. a6 bxa6 61. Kc3 d4+ 62. Kd3 e5 63. Ke2 c4 64. Kd2 c3+ 65.
Kc2 e4 66. Kd1 d3 67. Ke1 c2 68. Kd2 Nd4 69. Kc1 Ne2+ 70. Kb2 c1=Q+ 71. Kb3
Qc3+ 72. Ka4 Qb2 73. Ka5 d2 74. Kxa6 d1=Q 75. Ka5 Qda1# 0-1

[Event "DVM U14w 2018"]
[Site "Neumünster GER"]
[Date "2018.12.27"]
[Round "1"]
[White "Orlova, Alicia"]
[Black "Kiesel, Lara"]
[Result "1/2-1/2"]
[Termination "normal"]
[Board "7.1"]
[WhiteElo "1616"]
[BlackElo "1517"]
[WhiteTeam "SF Gerresheim"]
[BlackTeam "SC Borussia Lichtenberg"]
[PlyCount "40"]
[WhiteFideId "34154563"]
[BlackFideId "12973785"]
[EventCountry "GER"]
[EventRounds "7"]
[EventType "team-swiss"]
[EventDate "2018.12.26"]

1. e4 e6 2. d4 d5 3. Nc3 Bb4 4. e5 c5 5. Nge2 Nc6 6. a3 Bxc3+ 7. bxc3 Nge7 8.
g3 Nf5 9. Bg2 Bd7 10. O-O O-O 11. a4 cxd4 12. cxd4 Na5 13. Bd2 Nc4 14. Bb4 Re8
15. c3 b6 16. Re1 Rc8 17. Qc2 Ne7 18. Bxe7 Qxe7 19. Nf4 Rc7 20. Bf1 Rec8
1/2-1/2

[Event "DVM U14w 2018"]
[Site "Neumünster GER"]
[Date "2018.12.27"]
[Round "1"]
[White "Orlova, Anna-Daria"]
[Black "Relógio Stauber, Anna"]
[Result "0-1"]
[Termination "normal"]
[Board "7.3"]
[WhiteElo "859"]
[BlackElo "1327"]
[WhiteTeam "SF Gerresheim"]
[BlackTeam "SC Borussia Lichtenberg"]
[PlyCount "92"]
[WhiteFideId "16275381"]
[BlackFideId "16255771"]
[EventCountry "GER"]
[EventRounds "7"]
[EventType "team-swiss"]
[EventDate "2018.12.26"]

1. e4 c6 2. d4 d5 3. Nc3 dxe4 4. Nxe4 Bf5 5. Nc3 e6 6. Be3 Nf6 7. Nf3 h6 8. Bd3
Bb4 9. O-O Bxd3 10. cxd3 O-O 11. a3 Ba5 12. b4 Bc7 13. Qd2 Nbd7 14. Ne2 Qe7 15.
Ng3 Ng4 16. Qe2 Bxg3 17. fxg3 Nxe3 18. Qxe3 Nf6 19. Rae1 Rad8 20. Rb1 Nd5 21.
Qd2 Nc7 22. Qc3 Nb5 23. Qb2 Qd6 24. Rf2 Nxd4 25. Nxd4 Qxd4 26. Qxd4 Rxd4 27.
Rd2 Rfd8 28. Rb3 e5 29. b5 c5 30. b6 a6 31. Re2 f6 32. Re3 c4 33. Rc3 cxd3 34.
Kf2 d2 35. Rc2 d1=Q 36. Rce2 Rd2 37. g4 Rxe2+ 38. Rxe2 Rd2 39. Rxd2 Qxd2+ 40.
Kg3 Qc3+ 41. Kf2 Qxa3 42. g3 Qc5+ 43. Kg2 Qxb6 44. Kh3 g5 45. Kg2 Qb1 46. Kh3
Qf1# 0-1

[Event "DVM U14w 2018"]
[Site "Neumünster GER"]
[Date "2018.12.27"]
[Round "1"]
[White "Buchholz, Maja"]
[Black "Niesch, Sarah"]
[Result "1-0"]
[Termination "normal"]
[Board "8.1"]
[WhiteElo "1517"]
[BlackElo "1084"]
[WhiteTeam "SV 1920 Hofheim"]
[BlackTeam "SC Leipzig Lindenau"]
[PlyCount "61"]
[WhiteFideId "16200500"]
[BlackFideId "16211294"]
[EventCountry "GER"]
[EventRounds "7"]
[EventType "team-swiss"]
[EventDate "2018.12.26"]

1. c4 e5 2. Nc3 Nc6 3. g3 Nf6 4. Bg2 Bc5 5. d3 d6 6. Nf3 Bf5 7. a3 h6 8. b4 Bd4
9. Bb2 O-O 10. O-O a6 11. Nxd4 exd4 12. Nd5 Re8 13. Rc1 Re5 14. e3 b5 15. Nxf6+
Qxf6 16. Bxc6 Qg6 17. Bxa8 Bg4 18. Qc2 Rh5 19. Bxd4 Qf5 20. Be4 Qe6 21. cxb5
axb5 22. Qxc7 Kf8 23. Qd8+ Qe8 24. Bxg7+ Kxg7 25. Qxe8 Re5 26. Qd8 Re6 27. Bd5
Rg6 28. Rc7 h5 29. Rxf7+ Kh6 30. Qh8+ Kg5 31. h4# 1-0

[Event "DVM U14w 2018"]
[Site "Neumünster GER"]
[Date "2018.12.27"]
[Round "1"]
[White "Heintz, Lilly"]
[Black "I., Natascha"]
[Result "1/2-1/2"]
[Termination "normal"]
[Board "8.2"]
[WhiteElo "1057"]
[BlackElo "1164"]
[WhiteTeam "SC Leipzig Lindenau"]
[BlackTeam "SV 1920 Hofheim"]
[PlyCount "39"]
[WhiteFideId "16229550"]
[BlackFideId "16257545"]
[EventCountry "GER"]
[EventRounds "7"]
[EventType "team-swiss"]
[EventDate "2018.12.26"]

1. e4 e5 2. Nf3 Nc6 3. d4 exd4 4. Nxd4 Bc5 5. Nf3 Nf6 6. Nc3 d6 7. Bc4 O-O 8.
O-O a6 9. Re1 b5 10. Bd5 Nxd5 11. Nxd5 Bg4 12. h3 Bd7 13. a3 Ne7 14. b4 Ba7 15.
Bb2 c6 16. Nxe7+ Qxe7 17. Qd3 Qe6 18. Rac1 Qg6 19. e5 Qf5 20. Re2 1/2-1/2

[Event "DVM U14w 2018"]
[Site "Neumünster GER"]
[Date "2018.12.27"]
[Round "1"]
[White "Biesdorf, Ina"]
[Black "Ezold, Johanna Sophie"]
[Result "1-0"]
[Termination "normal"]
[Board "8.3"]
[WhiteElo "1325"]
[BlackElo "994"]
[WhiteTeam "SV 1920 Hofheim"]
[BlackTeam "SC Leipzig Lindenau"]
[PlyCount "67"]
[WhiteFideId "16275322"]
[BlackFideId "16275411"]
[EventCountry "GER"]
[EventRounds "7"]
[EventType "team-swiss"]
[EventDate "2018.12.26"]

1. d4 Nf6 2. Bf4 d6 3. Nc3 Bf5 4. e3 e6 5. Bd3 Bxd3 6. Qxd3 d5 7. Nge2 Nc6 8.
O-O Be7 9. h3 Qd7 10. Nb5 Bd8 11. c4 O-O 12. Qc3 a6 13. Na3 Be7 14. Nc2 h6 15.
Ng3 b6 16. Rad1 Na5 17. c5 Nc6 18. cxb6 cxb6 19. Qb3 b5 20. Ne1 Rfc8 21. Nf3
Na5 22. Ne5 Qb7 23. Qd3 Bd6 24. b3 Rc7 25. f3 Rac8 26. Ng4 Rc2 27. Nxf6+ gxf6
28. Bxd6 R8c3 29. Qxc3 Rxc3 30. Bb4 Rxe3 31. Bxa5 Qb8 32. Nh5 Re2 33. Rd2 Re3
34. Kf2 1-0

[Event "DVM U14w 2018"]
[Site "Neumünster GER"]
[Date "2018.12.27"]
[Round "1"]
[White "Kopylov, Diana"]
[Black "Petrosyan, Ani"]
[Result "0-1"]
[Termination "normal"]
[Board "9.1"]
[WhiteElo "765"]
[BlackElo "1345"]
[WhiteTeam "TuRa Harksheide Norderstedt 2"]
[BlackTeam "TuRa Harksheide Norderstedt 1"]
[PlyCount "50"]
[WhiteFideId "16268865"]
[BlackFideId "16248015"]
[EventCountry "GER"]
[EventRounds "7"]
[EventType "team-swiss"]
[EventDate "2018.12.26"]

1. e4 c5 2. Nf3 e6 3. Bc4 Nc6 4. O-O Nge7 5. d3 h6 6. Be3 Ng6 7. Nc3 Be7 8. d4
cxd4 9. Nxd4 a6 10. Qh5 O-O 11. Bxh6 gxh6 12. Qxh6 Nxd4 13. Rac1 Bg5 14. Qh5
Bxc1 15. Rxc1 Kg7 16. Bd3 Rh8 17. Qc5 Qf6 18. Qd6 Nf4 19. e5 Qg5 20. g3 Nh3+
21. Kg2 Qxc1 22. Qxd4 b5 23. Qg4+ Kf8 24. Be4 Rb8 25. Qf3 Qg1# 0-1